Loading...
Malayalathile Geethanjali paribhashakal
| Main Author: | |
|---|---|
| Format: | Printed Book |
| Published: |
Malayalam Research Journal 5 (3),
2012
|
| Subjects: |
| LEADER | 00468nam a22001217a 4500 | ||
|---|---|---|---|
| 100 | |a Divya M |9 19662 | ||
| 245 | |a Malayalathile Geethanjali paribhashakal | ||
| 260 | |b Malayalam Research Journal 5 (3), |c 2012 | ||
| 300 | |a p.1768-1779 |b 5 (3), September -December 2012 | ||
| 650 | |a GEETHANJALI- TAGORE- MALAYALAM TRANSLATION- CRITICISM AND INTERPRETATION |9 19663 | ||
| 942 | |c KS | ||
| 999 | |c 74070 |d 74070 | ||
| 952 | |0 0 |1 0 |4 0 |7 0 |9 66031 |a MGUL |b MGUL |c JA |d 2015-08-11 |l 0 |r 2015-08-11 |w 2015-08-11 |y KS | ||